000 00797nam a2200217Ia 4500
003 GCL
008 140319s9999 xx 000 0 ara d
020 _a3078099906
040 _aGCL /
_cGCL
082 0 4 _aد
_b050
_bس ت
100 1 _aسورنيا، جان شارل
245 1 0 _aتاريخ الطب : من المداواة الى علم التشخيص (عالم المعرفة281) /
_cسورنيا، جان شارل
700 1 _aابراهيم البجلاتى
260 _aالكويت :
_bالمجلس الوطنى للثقافة والفنون والاداب ،
_c2002
300 _a397 ص ؛
_c20 سم
490 _aعالم المعرفة
_v281
650 0 4 _aالطب - تاريخ
650 0 4 _aالطب الحديث
650 0 4 _aالتشريح البشرى
942 _2ddc
_cBK
999 _c36939
_d36939